Analýza a rozšírenie inžinierskeho nástroja pre testovanie konfigurácie HMI

Gespeichert in:
Bibliographische Detailangaben
1. Verfasser: Čikel, Adrián (Verfasst von)
Weitere Verfasser: Cigánek, Ján (Betreuung Doktorarbeit)
Format: Manuskript Buch
Sprache:Slowakisch
Veröffentlicht: Bratislava : STU v Bratislave FEI, 2023
Schlagworte:
Online-Zugang:https://opac.crzp.sk/?fn=detailBiblioFormChildQPHPP&sid=32866E47BC3455BDB7F07BCEA70C&seo=CRZP-detail-kniha
Tags: Tag hinzufügen
Keine Tags, Fügen Sie das erste Tag hinzu!

MARC

LEADER 00000ntm a22000003a 4500
001 stuzp91910
003 SK-STU
005 20241204153533.7
007 ta
008 150427s2015----xo-----f-mn---000-0-slo-d
040 |a STU  |b slo 
041 0 |a slo 
044 |a xo 
100 1 |a Čikel, Adrián  |u 030400  |4 aut  |U FEI Fakulta elektrotechniky a informatiky  |T FEI Ústav automobilovej mechatroniky  |X 92426  |U E400  |Y 642  |7 92426 
242 0 1 |a Analysis and extension of the engineering tool for HMI configuration testing  |y eng 
245 1 0 |a Analýza a rozšírenie inžinierskeho nástroja pre testovanie konfigurácie HMI 
260 |a Bratislava :  |b STU v Bratislave FEI,  |c 2023 
300 |a 60 s. 
650 4 |a DCS  |2 slo 
650 4 |a Distribuovaný systém riadenia  |2 slo 
650 4 |a HMI  |2 slo 
650 4 |a Foxboro  |2 slo 
650 4 |a Shell  |2 slo 
650 4 |a GUI  |2 slo 
650 4 |a DCS  |2 eng 
650 4 |a Distributed control system  |2 eng 
650 4 |a HMI  |2 eng 
650 4 |a Foxboro  |2 eng 
650 4 |a Shell  |2 eng 
650 4 |a GUI  |2 eng 
700 1 |a Cigánek, Ján  |u 030400  |k Z1  |4 ths  |U FEI Fakulta elektrotechniky a informatiky  |T FEI Ústav automobilovej mechatroniky  |X 10327  |U E400  |Y 642  |7 10327 
856 4 |u https://opac.crzp.sk/?fn=detailBiblioFormChildQPHPP&sid=32866E47BC3455BDB7F07BCEA70C&seo=CRZP-detail-kniha